<?xml version="1.0" encoding="UTF-8"?><?xml-stylesheet type="text/xsl" href="static/style.xsl"?><OAI-PMH xmlns="http://www.openarchives.org/OAI/2.0/" xmlns:xsi="http://www.w3.org/2001/XMLSchema-instance" xsi:schemaLocation="http://www.openarchives.org/OAI/2.0/ http://www.openarchives.org/OAI/2.0/OAI-PMH.xsd"><responseDate>2026-06-04T20:40:17Z</responseDate><request verb="GetRecord" identifier="oai:riuma.uma.es:10630/46766" metadataPrefix="marc">https://riuma.uma.es/rest/oai/request</request><GetRecord><record><header><identifier>oai:riuma.uma.es:10630/46766</identifier><datestamp>2026-06-01T23:45:41Z</datestamp><setSpec>com_10630_2254</setSpec><setSpec>col_10630_37956</setSpec></header><metadata><record xmlns="http://www.loc.gov/MARC21/slim" xmlns:dcterms="http://purl.org/dc/terms/" xmlns:doc="http://www.lyncode.com/xoai" xmlns:xsi="http://www.w3.org/2001/XMLSchema-instance" xsi:schemaLocation="http://www.loc.gov/MARC21/slim http://www.loc.gov/standards/marcxml/schema/MARC21slim.xsd">
   <leader>00925njm 22002777a 4500</leader>
   <datafield ind2=" " ind1=" " tag="042">
      <subfield code="a">dc</subfield>
   </datafield>
   <datafield ind2=" " ind1=" " tag="720">
      <subfield code="a">Fuentes-Pérez, Irene</subfield>
      <subfield code="e">author</subfield>
   </datafield>
   <datafield ind2=" " ind1=" " tag="720">
      <subfield code="a">Plaza-Lara, Cristina</subfield>
      <subfield code="e">author</subfield>
   </datafield>
   <datafield ind2=" " ind1=" " tag="260">
      <subfield code="c">2026-05</subfield>
   </datafield>
   <datafield ind2=" " ind1=" " tag="520">
      <subfield code="a">The advent of generative artificial intelligence (GenAI) is significantly transforming the landscape of translation project management (TPM), presenting both challenges and opportunities for professionals in this field. In response to this evolving scenario, this chapter proposes an empirical study based on interviews with practising Spanish-speaking project managers (PMs) to elucidate the multifaceted impact of artificial intelligence (AI) on the competences of translation PMs. The participants, representing diverse professional backgrounds and organisational contexts, provided insights into their use of AI tools, levels of AI adoption, and training approaches. Using semi-structured interviews, the data gathered have been analysed qualitatively with ATLAS.ti for content analysis purposes, revealing how AI technologies are reshaping daily practices and necessitating new competences in areas such as workflow optimisation, decision-making, and technical proficiency. The findings highlight the dynamic nature of competences in TPM and underscore the need for continuous learning and adaptation to meet the demands of a rapidly evolving industry. By identifying essential AI-related competences and offering guidance for adapting training programmes for future professionals, this study contributes to a deeper understanding of how AI integration is redefining the role of PMs within translation studies and practice.</subfield>
   </datafield>
   <datafield ind1="8" ind2=" " tag="024">
      <subfield code="a">Fuentes-Pérez, I. &amp; Plaza-Lara, C. (2026). Assessing the impact of artificial intelligence on translation project management competences: an exploratory study. En A. Petrova, B. Prandi &amp; A. Schmidhofer (eds.), Der Einfluss neuer Technologien auf die Ausbildung von Translatoren / The Influence of New Technologies on Translator and Interpreter Education (pp. 265-286). Peter Lang.</subfield>
   </datafield>
   <datafield ind1="8" ind2=" " tag="024">
      <subfield code="a">9783631917756</subfield>
   </datafield>
   <datafield ind1="8" ind2=" " tag="024">
      <subfield code="a">https://hdl.handle.net/10630/46766</subfield>
   </datafield>
   <datafield ind1="8" ind2=" " tag="024">
      <subfield code="a">10.3726/b21748</subfield>
   </datafield>
   <datafield tag="653" ind2=" " ind1=" ">
      <subfield code="a">Inteligencia artificial</subfield>
   </datafield>
   <datafield tag="653" ind2=" " ind1=" ">
      <subfield code="a">Traducción automática</subfield>
   </datafield>
   <datafield ind2="0" ind1="0" tag="245">
      <subfield code="a">Assessing the impact of artificial intelligence on translation project management competences: an exploratory study</subfield>
   </datafield>
</record>
</metadata></record></GetRecord></OAI-PMH>